Watts pocket handbook 2006 (Record no. 105329)

MARC details
000 -LEADER
fixed length control field 01793cam a2200349 4500
001 - CONTROL NUMBER
control field ##E133099
008 - FIXED-LENGTH DATA ELEMENTS--GENERAL INFORMATION
fixed length control field 000000n2006 000 0 eng u
020 ## - INTERNATIONAL STANDARD BOOK NUMBER
International Standard Book Number 1842192493
035 ## - SYSTEM CONTROL NUMBER
System control number (Sirsi) u133099
041 0# - LANGUAGE CODE
Language code of text/sound track or separate title eng
050 04 - LIBRARY OF CONGRESS CALL NUMBER
Classification number 690.2 $2 18
110 2# - MAIN ENTRY--CORPORATE NAME
Corporate name or jurisdiction name as entry element Watts and Partners
9 (RLIN) 2303
245 00 - TITLE STATEMENT
Title Watts pocket handbook 2006
250 ## - EDITION STATEMENT
Edition statement 22nd ed.
260 ## - PUBLICATION, DISTRIBUTION, ETC.
Place of publication, distribution, etc. London
Name of publisher, distributor, etc. RICS Books
Date of publication, distribution, etc. 2006
300 ## - PHYSICAL DESCRIPTION
Extent vi, 290p
Dimensions 18cm.
350 ## - PRICE (NR) (BK AM CF MU VM SE) [OBSOLETE]
Price 20
505 2# - FORMATTED CONTENTS NOTE
Formatted contents note Property acquisition -- Development and procurement -- Legislation -- Design -- Materials and defects -- Conservation -- Maintenance management -- Cost management -- Technical resources.
520 ## - SUMMARY, ETC.
Summary, etc. 2006 edition of this annual publication providing legal and technical advice and guidance for those working in property and construction. New content in this edition covers Home Inspection Packs, flooding, building into the basement, condensation and toxic moulds, the european energy performance of buildings directive (Directive 2002/91/EC), the Regulatory Reform (Fire Safety) Order 2005, achieving excellence in construction, the Town and Country Planning (General Development Procedure) (Amendment) (England) Order 2005, falls from height, surveying safely, and the Work at Height Regulations 2005.
520 ## - SUMMARY, ETC.
Summary, etc. Supersedes 2005 edition (ISBN 1870776224).
520 ## - SUMMARY, ETC.
Summary, etc. Superseded by 2007 edition (L135745).
590 ## - LOCAL NOTE (RLIN)
Local note IKA060606
650 24 - SUBJECT ADDED ENTRY--TOPICAL TERM
Topical term or geographic name entry element DIRECTIVE 2002/91/EC
650 24 - SUBJECT ADDED ENTRY--TOPICAL TERM
Topical term or geographic name entry element REGULATORY REFORM (FIRE SAFETY) ORDER 2005
650 24 - SUBJECT ADDED ENTRY--TOPICAL TERM
Topical term or geographic name entry element TOWN AND COUNTRY PLANNING (GENERAL DEVELOPMENT PROCEDURE) (AMENDMENT) (ENGLAND) ORDER 2005
650 24 - SUBJECT ADDED ENTRY--TOPICAL TERM
Topical term or geographic name entry element HOME INFORMATION PACKS
650 24 - SUBJECT ADDED ENTRY--TOPICAL TERM
Topical term or geographic name entry element WORK AT HEIGHT REGULATIONS 2005
651 #4 - SUBJECT ADDED ENTRY--GEOGRAPHIC NAME
Geographic name England
Chronological subdivision 886-
690 ## - LOCAL SUBJECT ADDED ENTRY--TOPICAL TERM (OCLC, RLIN)
Topical term or geographic name as entry element BUILT ENVIRONMENT
942 ## - ADDED ENTRY ELEMENTS (KOHA)
Suppress in OPAC 0
Holdings
Withdrawn status Lost status Source of classification or shelving scheme Damaged status Not for loan Home library Current library Shelving location Date acquired Total Checkouts Full call number Barcode Date last seen Copy number Price effective from Koha item type Date last checked out
    Dewey Decimal Classification     London London RICS Boxes 23/05/2006   RICS 2006/15 30072991 06/08/2019 1 06/08/2019 Archive  
    Dewey Decimal Classification     London London Basement 23/05/2006   690.2 WAT 30072992 06/08/2019 1 06/08/2019 Reference material  
    Dewey Decimal Classification     London London Basement 23/05/2006 11 690.2 WAT 30072993 06/08/2019 2 06/08/2019 Book 24/11/2008